| 000 -ლიდერი |
| ფიქსირებული სიგრძის საკონტროლო ველი |
01276nam a2200277Ia 4500 |
| 001 - საკონტროლო ნომერი |
| საკონტროლო ველი |
3566 |
| 003 - საკონტროლო ნომრის იდენტიფიკატორი |
| საკონტროლო ველი |
GE_BSU |
| 005 - ბოლო ოპერაციის თარიღი და დრო |
| საკონტროლო ველი |
20190528173018.0 |
| 008 - ფიქსირებული სიგრძის მონაცემთა ელემენტები - ზოგადი ინფორმაცია |
| ფიქსირებული სიგრძის საკონტროლო ველი |
181216s2009|||| |||||||||||||| ||geo|| |
| 020 ## - წიგნის საერთაშორისო სტანდარტული ნომერი |
| International Standard Book Number |
9789941126901 |
| 040 ## - კატალოგიზაციის წყარო |
| Transcribing agency |
GE_BSU |
| 041 ## - ენის კოდი |
| Language code of text/sound track or separate title |
geo |
| 080 ## - უნივერსალური ათობითი კლასიფიკაციის ინდექსი |
| Universal Decimal Classification number |
621.791.7(075.3)+69 ე-54 |
| 245 ## - ცნობა სათაურის შესახებ |
| Title |
ელექტროშედუღება მშენებლებისათვის : სახელმძღვ. / |
| Statement of responsibility, etc |
ბ. კუტუბიძე ; ,ო. ჯანელიძე ; მ. ფარტენაძე ; ე. თოფურია ; რედ : მ. დონაძე. |
| 264 ## - წარმოების, გამოცემის, დისტრიბუციის და სხვა ცნობები |
| გამოცემის, წარმოების, დისტრიბუციის... ადგილი |
თბილისი : |
| გამოცემის, წარმოების, დისტრიბუციის... სახელწოდება |
უნივერსალი, |
| გამოცემის, წარმოების, დისტრიბუციის... თარიღი |
2009. |
| 300 ## - ფიზიკური აღწერა |
| Extent |
111 გვ .: |
| Other physical details |
ილ ; |
| Dimensions |
21 სმ; |
| 504 ## - BIBLIOGRAPHY, ETC. NOTE |
| Bibliography, etc |
ბიბლიოგრ.:გვ.108-109. |
| 653 ## - INDEX TERM--UNCONTROLLED |
| Uncontrolled term |
ელექტროშედუღება მშენებლებისათვის |
| 653 ## - INDEX TERM--UNCONTROLLED |
| Uncontrolled term |
ელექტროშედუღება |
| 700 ## - ADDED ENTRY--PERSONAL NAME |
| Personal name |
კუტუბიძე, ბ |
| 9 (RLIN) |
1745 |
| 700 ## - ADDED ENTRY--PERSONAL NAME |
| Personal name |
ჯანელიძე, ო |
| 9 (RLIN) |
1746 |
| 700 ## - ADDED ENTRY--PERSONAL NAME |
| Personal name |
ფარტენაძე, მ |
| 9 (RLIN) |
1747 |
| 700 ## - ADDED ENTRY--PERSONAL NAME |
| Personal name |
თოფურია,ე |
| 9 (RLIN) |
1748 |
| 700 ## - ADDED ENTRY--PERSONAL NAME |
| Personal name |
დონაძე,მ |
| Relator term |
რედაქტორი |
| 9 (RLIN) |
1749 |
| 942 ## - ADDED ENTRY ELEMENTS (KOHA) |
| Koha item type |
წიგნი |
| Source of classification or shelving scheme |
|